000 00431nam a2200181Ia 4500
005 20250603144933.0
008 250603s9999 xx 000 0 und d
020 _a9781032075815
050 _aPN 1995 .P44 .F35/
100 _aFalzon, Christopher
245 0 _aExperiments in Film and Philosophy
260 _aNew York
260 _bRoutledge
260 _c2024
300 _avi, 137p.
650 _aNew York
942 _cBK
999 _c40394
_d40394